000 00496nam a2200193 a 4500
001 751
003 CO-ViMGA
008 141112s2004 ck r 000 u spa d
040 _aCO-ViMGA
_bspa
_cCO-ViMGA
082 0 4 _a272.2 T377
100 1 _aTestas, Guy
_948622
245 1 0 _aLa inquisición /
_cTestas Guy , Testas Jean
260 _aBarcelona :
_bOikos - tau,
_c1970
300 _a126 p
490 _aQue se?, 8
650 1 4 _aINQUISICION
650 1 4 _aTestas, Jean
_948624
942 _2ddc
_cBK
999 _c12988
_d12988